banner-ar

الحصن الرومانى القديم / (Record no. 60437)

MARC details
000 -الفاتح
حقل البيانات ثابتة الطول 01205nam a22003017a 4500
005 - وقت وتاريخ اخر تعامل مع التسجيلة
رقم الضبط 20240530110410.0
008 - عناصر البيانات ثابتة الطول - معلومات عامة
حقل البيانات ثابتة الطول 150214s2010 ua ceb a 001 0 ara d
017 ## - رقم الايداع القانونى
رقم الايداع القانونى 18870/2009
المصدر ( الهيئة المختصة) مصر . دار الكتب المصرية
020 ## - الرقم الدولى المعيارى للكتب
الرقم الدولى المعيارى للكتاب 9771436708
040 ## - مصدر الفهرسة
وكالة الفهرسة الأصلية EG-CaGPL
041 0# - رمز اللغة
رمز لغة النص/ المسارات الصوتية أو العنوان الانفرادي ara
082 04 - رقم تصنيف ديوى العشرى
رقم الطبعة 21
رقم التصنيف 722
رقم المادة ط/ن ر
100 1# - المدخل الرئيسى - إسم شخصى
الإسم الشخصى جونسون ، ستيفن
الشكل الأكمل للاسم ستيفن جونسون
245 12 - بيان العنوان
العنوان الحصن الرومانى القديم /
بيان المسئوليه,etc تاليف ستيفن جونسون ؛ رسوم مارك برجين ؛ ترجمة حسن ابوبكر ؛ اشراف داليا محمد ابراهيم
250 ## - بيان الطبعة
بيان الطبعة ط1
260 ## - PUBLICATION, DISTRIBUTION, ETC. (IMPRINT)
تاريخ النشر أو التوزيع 2010
300 ## - الوصف المادى
التعداد 45 ص :
تفاصيل ماديه اخرى للوعاء ايض ؛
أبعاد الوعاء 28 سم
490 0# - بيان السلسلة
عنوان السلسلة روائع العمارة القديمة
650 04 - المدخل الاضافى بالموضوع-مصطلح موضوعى
مصطلح موضوعي الامبراطورية الرومانية
650 04 - المدخل الاضافى بالموضوع-مصطلح موضوعى
مصطلح موضوعي الخدمة العسكرية
650 04 - المدخل الاضافى بالموضوع-مصطلح موضوعى
مصطلح موضوعي الجيش الرومانى
650 04 - المدخل الاضافى بالموضوع-مصطلح موضوعى
مصطلح موضوعي الديانات
700 1# - المدخل الاضافى - اسم شخصى
الإسم الشخصى برجين ، مارك
700 0# - المدخل الاضافى - اسم شخصى
الإسم الشخصى حسن ابو بكر
700 0# - المدخل الاضافى - اسم شخصى
الإسم الشخصى داليا محمد ابراهيم
942 ## - عناصر المدخل الإضافي( كوها)
مصدر التصنيف او مخطط الترفيف Dewey Decimal Classification
Koha [default] item type كتاب
260 ## - PUBLICATION, DISTRIBUTION, ETC. (IMPRINT)
-- القاهرة :
-- نهضة مصر للطباعة والنشر والتوزيع ،
Holdings
حالة التراجع حالة الفقد حالة تلف ليس للاعارة المكان المؤقت الموقع الحالى تاريخ الاكتساب اجمالي اﻻعارات رقم الطلب الباركود تاريخ اخر مشاهدة تاريخ تفعيل السعر نوع وعاء كوها
        مكتبة القاهرة الكبرى مكتبة القاهرة الكبرى 02/14/2015   722 ط/ن ر 159485 02/14/2015 02/14/2015 كتاب

Powered By

EGPV